3. Liga Sudden Death - Statistiken

Allgemein
  • Dieses Quiz wurde 243 mal gespielt
  • Das Durchschnittsergebnis liegt bei 11 aus 20
Answers on the Grid
Answers color-coded by a green-red scale on the quiz's grid according to % correct below.
SSV Ulm 1846
SSV Jahn Regensburg
1. FC Saarbrücken
Energie Cottbus
Hansa Rostock
Viktoria Köln
SC Verl
Rot-Weiss Essen
SV Wehen Wiesbaden
FC Ingolstadt 04
TSV 1860 München
Alemannia Aachen
FC Erzgebirge Aue
VfL Osnabrück
VfB Stuttgart II
SV Waldhof Mannheim
MSV Duisburg
TSG 1899 Hoffenheim II
1. FC Schweinfurt 05
TSV Havelse
DSC Arminia Bielefeld
Dynamo Dresden
Borussia Dortmund II
Hannover 96 II
SV Sandhausen
SpVgg Unterhaching
Preußen Münster
Hallescher FC
VfB Lübeck
SC Freiburg II
SpVgg Bayreuth
SV Meppen
 
Antwortstatistiken
Antwort % Korrekt
SSV Jahn Regensburg
63%
Alemannia Aachen
61%
Hansa Rostock
61%
1. FC Saarbrücken
60%
Energie Cottbus
58%
SSV Ulm 1846
56%
TSG 1899 Hoffenheim II
56%
TSV 1860 München
56%
Viktoria Köln
56%
FC Erzgebirge Aue
55%
MSV Duisburg
55%
Rot-Weiss Essen
55%
SV Waldhof Mannheim
55%
VfB Stuttgart II
54%
SC Verl
53%
SV Wehen Wiesbaden
53%
TSV Havelse
53%
VfL Osnabrück
53%
FC Ingolstadt 04
52%
1. FC Schweinfurt 05
51%
Keine übereinstimmenden Quizze gefunden
Verteilung der Resultate
Anzahl Personen mit jedem Resultat
Perzentil nach korrekt beantworteten Fragen
Ihre Resultats-Entwicklung
Sie haben dieses Quiz noch nicht gespielt